Cadogan and another v Morris (Record no. 57763)

MARC details
000 -LEADER
fixed length control field 01414cab a2200265 4500
001 - CONTROL NUMBER
control field ABS60002
008 - FIXED-LENGTH DATA ELEMENTS--GENERAL INFORMATION
fixed length control field 090401t1999 xxu||||| |||| 00| 0 eng d
035 ## - SYSTEM CONTROL NUMBER
System control number (Sirsi) u91034
041 ## - LANGUAGE CODE
Language code of text/sound track or separate title eng
245 ## - TITLE STATEMENT
Title Cadogan and another v Morris
260 ## - PUBLICATION, DISTRIBUTION, ETC.
Date of publication, distribution, etc. 1999
350 ## - PRICE (NR) (BK AM CF MU VM SE) [OBSOLETE]
Price 0
490 ## - SERIES STATEMENT
Series statement Estates Gazette Law Reports
Volume/sequential designation [1999] 04 EG 155-157(3)
520 ## - SUMMARY, ETC.
Summary, etc. CA 4 November 1998. In September 1994, the respondant tenant (M) served a notice under the Leasehold Reform, Housing and Urban Development Act 1993 s42 claiming a new long lease in repect of a flat. The contractual term was due to expire in December 1994. The notice specified £100 as the suggested premium: a nominal figure which M had been advised was acceptable. A realistic figure was £100k-£300k. The county court decided that the nominal figure quoted by M did not invalidate the notice. The landlord appealed. "Held": The appeal was allowed and M`s initial notice was invalid, since under s42 of the 1993 Act the tenant is required to specify the premium which he proposes to pay.
650 ## - SUBJECT ADDED ENTRY--TOPICAL TERM
Topical term or geographic name entry element CALCULATION
650 ## - SUBJECT ADDED ENTRY--TOPICAL TERM
Topical term or geographic name entry element LEASEHOLD ENFRANCHISEMENT
650 ## - SUBJECT ADDED ENTRY--TOPICAL TERM
Topical term or geographic name entry element LEASEHOLD REFORM, HOUSING AND URBAN DEVELOPMENT ACT 1993 S42
650 ## - SUBJECT ADDED ENTRY--TOPICAL TERM
Topical term or geographic name entry element LONG LEASES
650 ## - SUBJECT ADDED ENTRY--TOPICAL TERM
Topical term or geographic name entry element NOTICES
650 ## - SUBJECT ADDED ENTRY--TOPICAL TERM
Topical term or geographic name entry element PREMIUMS
650 ## - SUBJECT ADDED ENTRY--TOPICAL TERM
Topical term or geographic name entry element VISCOUNT CHELSEA V MORRIS
690 ## - LOCAL SUBJECT ADDED ENTRY--TOPICAL TERM (OCLC, RLIN)
Topical term or geographic name as entry element LANDLORD AND TENANT-LEASEHOLD REFORM-CASE LAW
942 ## - ADDED ENTRY ELEMENTS (KOHA)
Suppress in OPAC 0
948 ## - LOCAL PROCESSING INFORMATION (OCLC); SERIES PART DESIGNATOR (RLIN)
c (OCLC) 02/02/1999
Holdings
Withdrawn status Lost status Source of classification or shelving scheme Damaged status Not for loan Home library Current library Shelving location Date acquired Total Checkouts Full call number Barcode Date last seen Copy number Price effective from Koha item type
    Dewey Decimal Classification     London London Journal article 14/09/1999   ABS60002 91034-1001 06/08/2019 1 06/08/2019 Law report